000 00831nam a2200277Ia 4500
001 dia_909
003 CHAP
005 20230116142038.0
008 220117s1981 xx 000 0 und d
010 _a171457
020 _a968-809-241-x
040 _cCHAP
082 _a917.2 M49 Zac
110 _aInstituto Nacional de Estadística Geografía e Informática. México
_959304
245 _aSintesis Geografica de Zacatecas /
_c por Inegi
260 _aMéxico :
_b el Instituto,
_c1981
300 _a222 p.
505 _a14 mapas
650 _aZacatecas
_xGeografía
_9123408
650 _aZacatecas
_xMapas
_9123411
650 _aZacatecas
_xNombres geográficos
_9123412
901 _a917.2 M49 ZAC
902 _aM
905 _a5232271981 MEX 8222223322ESP16
942 _cLIBRO
_2ddc
999 _c171457
_d171457